Desarrollo sustentable, empleos verdes y trabajo decente /

में बचाया:
ग्रंथसूची विवरण
मुख्य लेखक: García Jiménez, Jesús
स्वरूप: मूलपाठ
टैग: टैग जोड़ें
कोई टैग नहीं, इस रिकॉर्ड को टैग करने वाले पहले व्यक्ति बनें!

MARC

LEADER 00000 a a2200000 04500
001 45821
003
040
100 |a García Jiménez, Jesús  
245 |a Desarrollo sustentable, empleos verdes y trabajo decente /  |c Jesús García Jiménez  
773 |g páginas 137-145  
999 |c 33160  |d 33160